00949 a2200289 45000010006000000050017000060080041000230030015000640400040000790800057001192450056001760200022002322640037002543000026002915050120003170410008004371000014004457000016004597000034004757000020005097000033005297000017005627000029005797000018006087000016006267000017006426400520260521160828.0260521a1979 arg spa dAR-UNSa-BCEJYS aAR-UNSa-BCEJYSbspacAR-UNSa-BCEJYS a658.5xPlanificación y control de la producción 10aAprovisionamiento, almacenaje y gestión de stocks a978-84-234-0459-9 1aBilbao :bEdiciones Deustoc1979 axviii, 531 p.c24 cm. a1. Primera Parte: Principios generales - 2. Segunda Parte: El almacenamiento - 3. El transporte - 4. El embalaje -  aspa1 aBaily, P.1 aBaroggi, R.1 aAlonso de Leciñana, Jesús1 aMalavoltí, M.1 aLarrea Angulo, Pedro María1 aRaimondi, G.1 aJiménez Larrea, Rafael1 aTavernier, G.1 aVignati, G.1 aZecchini, G.